Case study research: design and methods (5th. edition) (Record no. 78058)

MARC details
000 -LEADER
fixed length control field 01095nam a2200205 a 4500
008 - FIXED-LENGTH DATA ELEMENTS--GENERAL INFORMATION
fixed length control field 170112s2014 ||||||||||||||||| || u
020 ## - INTERNATIONAL STANDARD BOOK NUMBER
International Standard Book Number 9781452242569
050 ## - LIBRARY OF CONGRESS CALL NUMBER
Classification number H 62 Yin
100 ## - MAIN ENTRY--PERSONAL NAME
Personal name Yin, Robert K
245 10 - TITLE STATEMENT
Title Case study research: design and methods (5th. edition)
Statement of responsibility, etc. By Robert K. Yin
250 ## - EDITION STATEMENT
Edition statement 5th ed.
260 ## - PUBLICATION, DISTRIBUTION, ETC.
Place of publication, distribution, etc. London
Name of publisher, distributor, etc. SAGE Publications
Date of publication, distribution, etc. 2014
300 ## - PHYSICAL DESCRIPTION
Extent xxviii, 282p.: ill.
650 #0 - SUBJECT ADDED ENTRY--TOPICAL TERM
Topical term or geographic name entry element RESEARCH--METHODOLOGY
650 ## - SUBJECT ADDED ENTRY--TOPICAL TERM
Topical term or geographic name entry element CASE STUDY RESEARCH
995 ## -
-- ANNEX COLLECTION (Main Library)
-- 747577
-- CBU-MAIN LIBRARY (Kitwe)
-- H 62 Yin
-- 4
-- AVAILABLE
-- Jan 24, 2017
-- 747577
-- Annex Low-Usage Collection
995 ## -
-- MAIN LIBRARY OPEN ACCESS
-- 747576
-- CBU-MAIN LIBRARY (Kitwe)
-- H 62 Yin
-- 3
-- AVAILABLE
-- Jan 24, 2017
-- 747576
-- Main Library Open Access Collection
995 ## -
-- MAIN LIBRARY OPEN ACCESS
-- 747575
-- CBU-MAIN LIBRARY (Kitwe)
-- H 62 Yin
-- 2
-- AVAILABLE
-- Jan 24, 2017
-- 747575
-- Main Library Open Access Collection
995 ## -
-- MAIN LIBRARY OPEN ACCESS
-- 747574
-- CBU-MAIN LIBRARY (Kitwe)
-- H 62 Yin
-- 1
-- AVAILABLE
-- Jan 24, 2017
-- 747574
-- Main Library Open Access Collection
999 ## -
-- 78058
-- 78058
Holdings
Withdrawn status Lost status Source of classification or shelving scheme Damaged status Not for loan Permanent Location Current Location Shelving location Date acquired Total Checkouts Full call number Barcode Date last seen Copy number Price effective from Koha item type
          CBU-MAIN LIBRARY, KITWE. CBU-MAIN LIBRARY, KITWE.   05/03/2023   H 62 Yin 747577 05/03/2023 1 05/03/2023 MONOGRAPH
          CBU-MAIN LIBRARY, KITWE. CBU-MAIN LIBRARY, KITWE.   05/03/2023   H 62 Yin 747576 05/03/2023 2 05/03/2023 MONOGRAPH
          CBU-MAIN LIBRARY, KITWE. CBU-MAIN LIBRARY, KITWE.   05/03/2023   H 62 Yin 747575 05/03/2023 3 05/03/2023 MONOGRAPH
          CBU-MAIN LIBRARY, KITWE. CBU-MAIN LIBRARY, KITWE.   05/03/2023   H 62 Yin 747574 05/03/2023 4 05/03/2023 MONOGRAPH